| 000 | 00822nam a22002297a 4500 | ||
|---|---|---|---|
| 999 |
_c2645 _d2645 |
||
| 003 | AR-CdUCM | ||
| 008 | 190305b ||||| |||| 00| 0 spa d | ||
| 040 |
_aMUNICIPALIDAD PROVINCIAL DEL CUSCO _cBIBLIOTECA MUNICIPAL DEL CUSCO |
||
| 082 |
_a869.508 / _bG24 |
||
| 100 |
_aGarcilaso de la Vega,Inca _92774 |
||
| 245 | _aRecuerdos de infancia y juventud / | ||
| 260 |
_aLima : _bPatronato del Libro Peruano, _c1957. |
||
| 300 |
_a125 páginas ; _c18 cm. |
||
| 505 | _aOllantay -- Recuerdos de infancia y juventud -- Tradiciones peruanas -- Los perros hambrientos -- Poesías escogidas... | ||
| 650 |
_aMemorias _9235 |
||
| 650 |
_aCusco _9772 |
||
| 650 |
_aGarcilaso Inca _99299 |
||
| 650 |
_aLiteratura _983 |
||
| 700 |
_aselección y prólogo de Raúl Porras Barrenechea. _99300 |
||
| 942 |
_2ddc _cLIBROS |
||
| 945 | _admma | ||